000 00951nam a2200277Ia 4500
003 OSt
005 20220923211147.0
006 a|||||r|||| 00| 0
007 ta
008 220922b |||||||| |||| 00| 0 hin d
020 _a8187482222 (hbk)
_c100
024 _a353,027
037 _bGV723, 11/03/2020, Vani Prakashan
_cTextual
040 _aARTS
_cARTS
_bhin
041 _2hin
_ahin
082 _aO152,1x, P2
100 _aदेव, अजन्ता, ले.
_9158930
245 0 _aराख का किला
246 _aRākh kā kilā
260 _aबीकानेर
_b वाग्देवी प्रकाशन
_c2002
300 _a80पृ.
_ccm.
650 _a हिन्दी साहित्य
_9156264
650 _aहिन्दी कविता
942 _hO152,1x, P2
_cTEXL
_2CC
999 _c296143
_d296143